Vedeckotechnický pokrok a transfér technológií v podmienkach pridružovania k Európskej únii
Technologický transfer na Slovensku a celosvetové trendy. Úloha a význam vedeckotechnických parkov /VTP/ v slovenských podmienkach. Proces riadenia VTP. Koordinácia výskumno-vývojových aktivít s EÚ. Piaty rámcový program /PRP/ - na roky 1999-2002 - navrhnutý Európskou komisiou. Podpora malých a stre...
Salvato in:
| Autore principale: | |
|---|---|
| Natura: | Capitolo di libro |
| Lingua: | slovacco |
| Soggetti: | |
| Tags: |
Nessun Tag, puoi essere il primo ad aggiungerne!!
|
MARC
| LEADER | 00000naa a2200000 4500 | ||
|---|---|---|---|
| 001 | r048177 | ||
| 005 | 20221129112350.4 | ||
| 041 | 0 | |a slo | |
| 044 | |a SK | ||
| 245 | 1 | 0 | |a Vedeckotechnický pokrok a transfér technológií v podmienkach pridružovania k Európskej únii |c Jana Pásztorová |
| 520 | |a Technologický transfer na Slovensku a celosvetové trendy. Úloha a význam vedeckotechnických parkov /VTP/ v slovenských podmienkach. Proces riadenia VTP. Koordinácia výskumno-vývojových aktivít s EÚ. Piaty rámcový program /PRP/ - na roky 1999-2002 - navrhnutý Európskou komisiou. Podpora malých a stredných podnikov v PRP. Projekt FEMIRC Slovakia. Výdavky na vedu v krajinách uchádzajúcich sa o vstup do EÚ. | ||
| 610 | 2 | 0 | |a pokrok vedeckotechnický |
| 610 | 2 | 0 | |a transfer technológie |
| 610 | 2 | 0 | |a veda |
| 610 | 2 | 0 | |a výskum |
| 610 | 2 | 0 | |a koordinácia |
| 610 | 2 | 0 | |a financie |
| 610 | 2 | 0 | |a Európska únia |
| 610 | 2 | 0 | |a Slovensko |
| 100 | 1 | |a Pásztorová, Jana, 1960- | |